00474nam a22001577a 450000500170000000800410001702000180005804100130007608200150008910000330010424500530013725000190019026000470020930000350025665000250029120231121085622.0231121b |||||||| |||| 00| 0 eng d a9780702194191 aEnglish  a342.8 VAN  avan der Walt , AJ lEnglish  aConstitutional Property Law / cAJ van der Walt  aThird Edition  aCape Town : bJuta and Company Ltd, c2011 bxviii, 664 pages ; c25,5 cm.  aLegal practice bLaw